000 00314 a2200085 4500
999 _c20604
_d20604
003 WA 310
005 20220316103003.0
008 220316s1998 pl ||||| |||| 00| 0 pol d
020 _a8323626448
040 _aWA 310
_cWA 310
041 _apol
245 0 0 _aTechnika informatyczna - Systemy mikroprocesorowe - Międzykasetowa magistrala kablowa VICbus =
_bInformation technology - Microprocessor systems - VICbus - Inter-crate cable bus PN-ISO/IEC 11458:1998P /
_cNKP nr 173.
246 1 3 _aPN-ISO/IEC 11458
246 1 3 _aICS 35.160
246 1 3 _aPolska Norma
260 _aWarszawa :
_bPKN,
_c1998.
300 _a89 stron ;
_c30 cm.
336 _2rdacontent
_aTekst
_btxt
337 _2rdamedia
_aBez urządzenia pośredniczącego
_bn
338 _2rdacarrier
_aWolumin
_bnc
500 _aWprowadza ISO/IEC 11458:1993, IDT ; Ustanowiona przez Polski Komitet Normalizacyjny dnia 28 grudnia 1998 r.
504 _aIndeks.
590 _6Status: wycofana.
710 _91107
_aPolska.
_bPolski Komitet Normalizacyjny.
_eInstytucja sprawcza
920 _a83-236-2644-8
942 _2ddc
_cBK